LEADER 01128nam 2200349 450 001 996279783503316 005 20230611164410.0 010 $a1-4673-5171-7 035 $a(CKB)3460000000126374 035 $a(NjHacI)993460000000126374 035 $a(EXLCZ)993460000000126374 100 $a20230611d2013 uy 0 101 0 $aeng 135 $aur||||||||||| 181 $ctxt$2rdacontent 182 $cc$2rdamedia 183 $acr$2rdacarrier 200 10$a2013 Abstracts IEEE International Conference on Plasma Science (ICOPS) /$fInstitute of Electrical and Electronics Engineers 210 1$aPiscataway, NJ :$cIEEE,$d2013. 215 $a1 online resource 311 $a1-4673-5169-5 517 $a2013 Abstracts IEEE International Conference on Plasma Science 517 $aPlasma Science 606 $aPlasma (Ionized gases)$vCongresses 615 0$aPlasma (Ionized gases) 676 $a530.4 801 0$bNjHacI 801 1$bNjHacl 906 $aPROCEEDING 912 $a996279783503316 996 $a2013 Abstracts IEEE International Conference on Plasma Science (ICOPS)$92538239 997 $aUNISA LEADER 03461nam 2200637 a 450 001 9910741144203321 005 20260331110530.0 010 $a9781447151708 010 $a1447151704 024 7 $a10.1007/978-1-4471-5170-8 035 $a(OCoLC)849900758 035 $a(MiFhGG)GVRL6XJK 035 $a(CKB)2560000000103946 035 $a(MiAaPQ)EBC1317434 035 $a(MiFhGG)9781447151708 035 $a(iGPub)SPNA0026325 035 $a(MiFhGG)9781447151692 035 $a(EXLCZ)992560000000103946 100 $a20130703d2013 uy 0 101 0 $aeng 135 $aurun|---uuuua 181 $ctxt 182 $cc 183 $acr 200 14$aThe anticipation of converging industries $ea concept applied to nutraceuticals and functional foods /$fClive-Steven Curran 205 $a1st ed. 2013. 210 $aLondon $cSpringer$dc2013 215 $a1 online resource (xi, 255 pages) $cillustrations (some color) 225 0 $aGale eBooks 300 $aDescription based upon print version of record. 311 08$a9781447161806 311 08$a1447161807 311 08$a9781447151692 311 08$a1447151690 320 $aIncludes bibliographical references at the end of each chapters. 327 $a1.Introduction -- 2.Convergence -- 3.Anticipating Convergence -- 4.Conceptual Framework and Research Design -- 5.Analysis and Results -- 6.Discussion of Findings and Implications for Theory and Practice -- 7.Summary and Conclusion -- App. 1. Hierarchical construction of IPCs. 330 $aThe blurring of boundaries between hitherto distinct scientific disciplines, technologies or markets is a common and powerful phenomenon. Subjects of this convergence often change consumer behaviours, favouring products and platforms with multiple functions. The Anticipation of Converging Industries provides a detailed focus on the triggers, drivers and consequences of convergence to create a more concise definition of convergence.   This detailed analysis includes a specifically developed toolbox for ?convergence foresight?, creating a forecasting method for convergence trends. With the focus on the chemical, biotechnological and pharmaceutical industries, several indicators of convergence in the areas of Nutraceuticals/Functional Foods, Cosmeceuticals and ICT are derived from samples including over 1million patents and scientific publications.   By supporting this methodical approach with real world data, The Anticipation of Converging Industries is perfect for industry practitioners looking for a competitive edge in the present and for the future. Similarly, academics will find a comprehensive theoretical concept for better understanding the underlying rationale of convergence at their disposal. 606 $aFood industry and trade$xInformation technology 606 $aFunctional foods 606 $aConvergence (Telecommunication) 606 $aEngineering 606 $aPharmaceutical technology 615 0$aFood industry and trade$xInformation technology. 615 0$aFunctional foods. 615 0$aConvergence (Telecommunication) 615 0$aEngineering. 615 0$aPharmaceutical technology. 676 $a338.476 700 $aCurran$b Clive-Steven$01424451 801 0$bMiAaPQ 801 1$bMiAaPQ 801 2$bMiAaPQ 906 $aBOOK 912 $a9910741144203321 996 $aThe Anticipation of Converging Industries$93553633 997 $aUNINA